Division 1 College Basketball Logos #2 - Statistics

General Stats
  • This quiz has been taken 65 times
  • The average score is 15 of 20
Answer Stats
Picture Answer % Correct
Saint Louis
100%
Virginia
96%
Colorado
94%
North Dakota
92%
Drake
88%
Providence
88%
Eastern Washington
87%
UL-Lafayette
87%
Louisiana Tech
85%
Duquesne
81%
Saint Peter's
81%
Dartmouth
79%
Virginia Military Institute
67%
American
58%
Detroit Mercy
58%
Valparaiso
58%
Lamar
56%
Purdue Fort Wayne
40%
Iona
33%
Northwestern State
33%
No matching quizzes found
Score Distribution
Percent of People with Each Score
Percentile by Number Answered
Your Score History
You have not taken this quiz